| 000 | 00493nam a2200157 i 4500 | ||
|---|---|---|---|
| 001 | 101749 | ||
| 003 | ES-MaACL | ||
| 005 | 20230906182954.0 | ||
| 007 | t| | ||
| 008 | 051025s1934 fr ||||1| fre d | ||
| 245 | 0 | 0 | _aMélanges de philologie, d'histoire et de littérature offerts à Henri Hauvette. |
| 260 |
_aParis : _bLes Presses Françaises, _c1934 ( _fF. Paillart) |
||
| 300 |
_aXXXIX, 845 p. : _b1 retr. ; _c25 cm. |
||
| 700 | 1 |
_aHauvette, Henri. _962136 |
|
| 852 |
_aES-MaACL _jA-2632 |
||
| 999 |
_c101749 _d101749 |
||